| 000 | 00459nam a2200205Ia 4500 | ||
|---|---|---|---|
| 001 | 11910 | ||
| 003 | GE_BSU | ||
| 008 | 181216s||||||||xx |||||||||||||| ||und|| | ||
| 020 | _a0257656049 | ||
| 040 | _cGE_BSU | ||
| 080 | _a821.111-314 | ||
| 100 | _aWodehouse,P.G. | ||
| 245 | 4 | _aThe Adventures Of Sally. | |
| 260 | _aLondon | ||
| 260 | _bBarrie&Jenkins. | ||
| 260 | _c1979. | ||
| 300 | _a222p;19cm. | ||
| 653 | _aThe Adventures Of Sally. | ||
| 942 | _cBK | ||
| 999 |
_c45087 _d45087 |
||